000 00556nam a22002057a 4500
003 OSt
005 20140310183059.0
008 130301t xxu||||| |||| 00| 0 eng d
020 _a9714805163
050 _aGC 425
_bIg24 2002
082 _aFIL 428
_bP13 2002
245 _aLinking the world through english
_cIgnacio-Paez, Devi Benedicte
260 _aMakati :
_bDiwa Learning Sytems Inc.,
_c 2002
300 _a372p.
_c25 cm
521 _acollege students
526 _c1210L-1700L
541 _j1
562 _e1
942 _2lcc
_cBK
_kFIL
999 _c18711
_d18711